000 00387nam a2200157Ia 4500
008 210210b1997 xxu||||| |||| 00| 0 eng d
020 _a81 250 1064 5
082 _a425 HOWP
100 _aHOWARD (Peter).
245 _aPerfect you sentences.
260 _aHyderabad
_bOrient Longman
_c1997
300 _a49
650 _aPunctuations
690 _aEnglish Grammar
906 _aSG03722
999 _c114783
_d114783